• 首页
  • 本馆介绍
  • 公告通知
  • 最新文献
  • 馆藏检索
  • 电子资源
  • 读者导购
  • 参考咨询
  • 我的图书馆
  • 登录
  • 详细信息显示
  • 放入我的书架
  • 预约/预借图书
  • 作者相关作品
  • 分类相关作品
  • 丛书相关作品
  • 出版社相关作品

书目信息

  • 表格格式
  • 工作单格式
  • 卡片格式
题名:
HTML+CSS+JavaScript入门经典
    
 
作者: 凯瑞恩 , 梅洛尼 著 ;胡久林 译
分册:  
出版信息: 北京   人民邮电出版社  2021
页数: 615页
开本: 26cm
丛书名:
单 册:
中图分类: TP312.8 , TP393.092.2
科图分类:
主题词: 超文本标记语言--程序设计 , 网页制作工具 , JAVA语言--程序设计
电子资源:
ISBN: 978-7-115-55976-0
000 01932nam0 2200313 450
001 2160921518
005 20211116165526.28
010    @a978-7-115-55976-0@dCNY199.90
100    @a20210602d2021 em y0chiy50 ea
101 1  @achi@ceng
102    @aCN@b110000
105    @aa z 000yy
200 1  @aHTML+CSS+JavaScript入门经典@9HTML+CSS+JavaScript ru men jing dian@b专著@dSams teach yourself HTML, CSS, and JavaScript all in one@f(美)珍妮弗·凯瑞恩(Jennifer Kyrnin),(美)朱莉·C·梅洛尼(Julie C. Meloni)著@g胡久林译@zeng
210    @a北京@c人民邮电出版社@d2021
215    @a615页@c图@d26cm
300    @a异步图书
305    @a据原书第3版译出
330    @a本书介绍HTML、CSS和JavaScript。全书分为6个部分,共28课。全书介绍了Web前端的基础知识,并结合大量最佳实践,帮助读者循序渐进地学习Web前端设计及开发。第1部分包括第1-5课,主要介绍Web的基础知识,涉及Web的基本工作原理,HTML、CSS以及JavaScript概述,基本验证调试代码的方法等内容。第Ⅱ部分包括第6-8课,主要介绍HTML网页设计,详细描述了HTML中的字体、文本、列表、表格、链接、颜色、图像和多媒体资源等内容。第Ⅲ部分包括第9-15课,主要介绍CSS高级网页设计,深入分析目前CSS的概念和使用方法,包括盒子模型、布局、过渡及动画等内容。第Ⅳ部分包括第16-18课,主要介绍响应式Web设计,着重讲述了响应式Web设计、移动优先以及媒体查询等知识。第Ⅴ部分包括第19-26课,主要介绍动态网站入门,从文档对象入手,讲解了JavaScript的相关知识。第Ⅵ部分包括第27课和第28课,主要介绍高级网站功能及管理,描述了Web中的表单以及如何更全面地组织和管理网站。
510 1  @aSams teach yourself HTML, CSS, and JavaScript all in one@zeng
606 0  @a超文本标记语言@x程序设计
606 0  @a网页制作工具
606 0  @aJAVA语言@x程序设计
690    @aTP312.8@v5
690    @aTP393.092.2@v5
701  0 @c(美)@a凯瑞恩@9kai rui en@c(Kyrnin, Jennifer)@4著
701  0 @c(美)@a梅洛尼@9mei luo ni@c(Meloni, Julie C.)@4著
702  0 @a胡久林@9hu jiu lin@4译
801  0 @aCN@b山东中教@c20211112
905    @aZUCC@dTP312.8@e23
    
    HTML+CSS+JavaScript入门经典=Sams teach yourself HTML, CSS, and JavaScript all in one/(美)珍妮弗·凯瑞恩(Jennifer Kyrnin),(美)朱莉·C·梅洛尼(Julie C. Meloni)著/胡久林译.-北京:人民邮电出版社,2021
    615页:图;26cm
    异步图书
    
    ISBN 978-7-115-55976-0:CNY199.90
    本书介绍HTML、CSS和JavaScript。全书分为6个部分,共28课。全书介绍了Web前端的基础知识,并结合大量最佳实践,帮助读者循序渐进地学习Web前端设计及开发。第1部分包括第1-5课,主要介绍Web的基础知识,涉及Web的基本工作原理,HTML、CSS以及JavaScript概述,基本验证调试代码的方法等内容。第Ⅱ部分包括第6-8课,主要介绍HTML网页设计,详细描述了HTML中的字体、文本、列表、表格、链接、颜色、图像和多媒体资源等内容。第Ⅲ部分包括第9-15课,主要介绍CSS高级网页设计,深入分析目前CSS的概念和使用方法,包括盒子模型、布局、过渡及动画等内容。第Ⅳ部分包括第16-18课,主要介绍响应式Web设计,着重讲述了响应式Web设计、移动优先以及媒体查询等知识。第Ⅴ部分包括第19-26课,主要介绍动态网站入门,从文档对象入手,讲解了JavaScript的相关知识。第Ⅵ部分包括第27课和第28课,主要介绍高级网站功能及管理,描述了Web中的表单以及如何更全面地组织和管理网站。
●
相关链接 在五车中查询图书 在当当中查询图书 在豆瓣中查询图书


正题名:HTML+CSS+JavaScript入门经典     索取号:TP312.8/23         预约/预借

序号 登录号 条形码 馆藏地/架位号 状态 备注
1 2000888289   2000888289   第三书库/ [索取号:TP312.8/23] 在馆    
2 2000888290   2000888290   第三书库/ [索取号:TP312.8/23] 在馆    
3 2000888291   2000888291   第三书库/ [索取号:TP312.8/23] 在馆    
山东省滨州职业学院图书馆 欢迎您!
大连网信软件有限公司© 版权所有